000 00492nam a22001697a 4500
003 NUST
038 _awaseem
082 _aBESE-1 NAM
100 _aNamrah Tariq
_992146
245 _aWLAN optimization controller for triple play services
260 _aIslamabad
_bNUST-SEECS
_c2014
300 _a64
_b25cm
500 _aSupervisors: Dr. Adeel Baig, Mr. Majid Maqbool
700 _aAreebah Mushtaq
_992147
856 _uhttp://10.250.8.41:8080/xmlui/handle/123456789/28637
942 _cPR
_2ddc
999 _c13035
_d13035